WIVES OF FAMOUS MEN (Record no. 444578)

MARC details
000 -LEADER
fixed length control field 00333nam a2200145Ia 4500
008 - FIXED-LENGTH DATA ELEMENTS--GENERAL INFORMATION
fixed length control field 100122s9999 xx 000 0 und d
082 ## - DEWEY DECIMAL CLASSIFICATION NUMBER
Item number 12935
Classification number 920.7
100 ## - MAIN ENTRY--PERSONAL NAME
Personal name SEN ELA
245 ## - TITLE STATEMENT
Title WIVES OF FAMOUS MEN
260 ## - PUBLICATION, DISTRIBUTION, ETC. (IMPRINT)
Date of publication, distribution, etc 1942
300 ## - PHYSICAL DESCRIPTION
Extent 104
630 ## - SUBJECT ADDED ENTRY--UNIFORM TITLE
Uniform title WIVES OF FAMOUS MEN
730 ## - ADDED ENTRY--UNIFORM TITLE
Uniform title WIVES OF FAMOUS MEN
942 ## - ADDED ENTRY ELEMENTS (KOHA)
Koha item type Book

No items available.